<?xml version="1.0" encoding="UTF-8"?><marc:collection xmlns:marc="http://www.loc.gov/MARC21/slim">
  <marc:record>
    <marc:leader>03596nas a2200601 c 4500</marc:leader>
    <marc:controlfield tag="001">01006124X</marc:controlfield>
    <marc:controlfield tag="003">DE-101</marc:controlfield>
    <marc:controlfield tag="005">20250120160041.0</marc:controlfield>
    <marc:controlfield tag="007">tu</marc:controlfield>
    <marc:controlfield tag="008">991118d19551980ja u||p|  b|| 0||||1jpn c</marc:controlfield>
    <marc:datafield tag="016" ind1="7" ind2=" ">
      <marc:subfield code="2">DE-600</marc:subfield>
      <marc:subfield code="a">4116-6</marc:subfield>
    </marc:datafield>
    <marc:datafield tag="016" ind1="7" ind2=" ">
      <marc:subfield code="2">DE-101</marc:subfield>
      <marc:subfield code="a">01006124X</marc:subfield>
    </marc:datafield>
    <marc:datafield tag="022" ind1=" " ind2=" ">
      <marc:subfield code="a">0385-3292</marc:subfield>
    </marc:datafield>
    <marc:datafield tag="035" ind1=" " ind2=" ">
      <marc:subfield code="a">(DE-599)ZDB4116-6</marc:subfield>
    </marc:datafield>
    <marc:datafield tag="035" ind1=" " ind2=" ">
      <marc:subfield code="a">(OCoLC)1367247163</marc:subfield>
    </marc:datafield>
    <marc:datafield tag="040" ind1=" " ind2=" ">
      <marc:subfield code="a">9001</marc:subfield>
      <marc:subfield code="b">ger</marc:subfield>
      <marc:subfield code="c">DE-101</marc:subfield>
      <marc:subfield code="d">9001</marc:subfield>
    </marc:datafield>
    <marc:datafield tag="041" ind1=" " ind2=" ">
      <marc:subfield code="a">jpn</marc:subfield>
    </marc:datafield>
    <marc:datafield tag="042" ind1=" " ind2=" ">
      <marc:subfield code="a">zdb</marc:subfield>
    </marc:datafield>
    <marc:datafield tag="044" ind1=" " ind2=" ">
      <marc:subfield code="c">XB-JP</marc:subfield>
    </marc:datafield>
    <marc:datafield tag="082" ind1="7" ind2="4">
      <marc:subfield code="a">050</marc:subfield>
      <marc:subfield code="q">DE-101</marc:subfield>
      <marc:subfield code="2">22sdnb</marc:subfield>
    </marc:datafield>
    <marc:datafield tag="083" ind1="7" ind2=" ">
      <marc:subfield code="a">010</marc:subfield>
      <marc:subfield code="q">DE-600</marc:subfield>
      <marc:subfield code="2">22sdnb</marc:subfield>
    </marc:datafield>
    <marc:datafield tag="084" ind1=" " ind2=" ">
      <marc:subfield code="a">ASIEN</marc:subfield>
      <marc:subfield code="q">DE-1a</marc:subfield>
      <marc:subfield code="2">fid</marc:subfield>
    </marc:datafield>
    <marc:datafield tag="110" ind1="2" ind2=" ">
      <marc:subfield code="6">880-03/Latn</marc:subfield>
      <marc:subfield code="0">(DE-588)2015822-1</marc:subfield>
      <marc:subfield code="0">https://d-nb.info/gnd/2015822-1</marc:subfield>
      <marc:subfield code="0">(DE-101)004745027</marc:subfield>
      <marc:subfield code="a">Kokuritsu Kokkai Toshokan</marc:subfield>
      <marc:subfield code="e">Verfasser</marc:subfield>
      <marc:subfield code="4">aut</marc:subfield>
      <marc:subfield code="2">gnd</marc:subfield>
    </marc:datafield>
    <marc:datafield tag="245" ind1="1" ind2="0">
      <marc:subfield code="6">880-01/Latn</marc:subfield>
      <marc:subfield code="a">Nōhon shūhō</marc:subfield>
      <marc:subfield code="b">= Japanese national bibliography weekly list</marc:subfield>
      <marc:subfield code="c">Kokuritsu Kokkai Toshokan</marc:subfield>
    </marc:datafield>
    <marc:datafield tag="246" ind1="1" ind2="1">
      <marc:subfield code="a">Japanese national bibliography weekly list</marc:subfield>
    </marc:datafield>
    <marc:datafield tag="246" ind1="3" ind2=" ">
      <marc:subfield code="6">880-02/Latn</marc:subfield>
      <marc:subfield code="a">Nōhon shūhō</marc:subfield>
    </marc:datafield>
    <marc:datafield tag="246" ind1="1" ind2=" ">
      <marc:subfield code="i">Abweichende Wortbildung des Haupttitels</marc:subfield>
      <marc:subfield code="a">Nōhon-shūhō</marc:subfield>
    </marc:datafield>
    <marc:datafield tag="247" ind1="0" ind2="0">
      <marc:subfield code="a">Current publications</marc:subfield>
      <marc:subfield code="f">Parallelsacht. bis Nr.1123.1977</marc:subfield>
    </marc:datafield>
    <marc:datafield tag="264" ind1="3" ind2="1">
      <marc:subfield code="6">880-04/Latn</marc:subfield>
      <marc:subfield code="a">Tōkyō</marc:subfield>
      <marc:subfield code="b">Kokuritsu Kokkai Toshokan</marc:subfield>
      <marc:subfield code="c">1955-1980</marc:subfield>
    </marc:datafield>
    <marc:datafield tag="336" ind1=" " ind2=" ">
      <marc:subfield code="a">Text</marc:subfield>
      <marc:subfield code="b">txt</marc:subfield>
      <marc:subfield code="2">rdacontent</marc:subfield>
    </marc:datafield>
    <marc:datafield tag="337" ind1=" " ind2=" ">
      <marc:subfield code="a">ohne Hilfsmittel zu benutzen</marc:subfield>
      <marc:subfield code="b">n</marc:subfield>
      <marc:subfield code="2">rdamedia</marc:subfield>
    </marc:datafield>
    <marc:datafield tag="338" ind1=" " ind2=" ">
      <marc:subfield code="a">Band</marc:subfield>
      <marc:subfield code="b">nc</marc:subfield>
      <marc:subfield code="2">rdacarrier</marc:subfield>
    </marc:datafield>
    <marc:datafield tag="362" ind1="0" ind2=" ">
      <marc:subfield code="a">Nr. 1.1955 - 1272.1980</marc:subfield>
    </marc:datafield>
    <marc:datafield tag="363" ind1="0" ind2="0">
      <marc:subfield code="8">1.1\x</marc:subfield>
      <marc:subfield code="a">1</marc:subfield>
      <marc:subfield code="i">1955</marc:subfield>
    </marc:datafield>
    <marc:datafield tag="363" ind1="1" ind2="0">
      <marc:subfield code="8">1.2\x</marc:subfield>
      <marc:subfield code="a">1272</marc:subfield>
      <marc:subfield code="i">1980</marc:subfield>
    </marc:datafield>
    <marc:datafield tag="546" ind1=" " ind2=" ">
      <marc:subfield code="a">Text japan.</marc:subfield>
    </marc:datafield>
    <marc:datafield tag="591" ind1=" " ind2=" ">
      <marc:subfield code="a">C</marc:subfield>
    </marc:datafield>
    <marc:datafield tag="655" ind1=" " ind2="7">
      <marc:subfield code="0">(DE-588)4067488-5</marc:subfield>
      <marc:subfield code="0">https://d-nb.info/gnd/4067488-5</marc:subfield>
      <marc:subfield code="0">(DE-101)040674886</marc:subfield>
      <marc:subfield code="a">Zeitschrift</marc:subfield>
      <marc:subfield code="2">gnd-content</marc:subfield>
    </marc:datafield>
    <marc:datafield tag="655" ind1=" " ind2="7">
      <marc:subfield code="0">(DE-588)4006432-3</marc:subfield>
      <marc:subfield code="0">https://d-nb.info/gnd/4006432-3</marc:subfield>
      <marc:subfield code="0">(DE-101)040064328</marc:subfield>
      <marc:subfield code="a">Bibliografie</marc:subfield>
      <marc:subfield code="2">gnd-content</marc:subfield>
    </marc:datafield>
    <marc:datafield tag="770" ind1="0" ind2="8">
      <marc:subfield code="6">880-05/Latn</marc:subfield>
      <marc:subfield code="i">Supplement</marc:subfield>
      <marc:subfield code="a">Kokuritsu Kokkai Toshokan</marc:subfield>
      <marc:subfield code="t">Nōhon shūhō / Chikuji kankōbutsu no bu</marc:subfield>
      <marc:subfield code="d">Tōkyō : Kokuritsu Kokkai Toshokan, 1957-1980</marc:subfield>
      <marc:subfield code="w">(DE-600)3791-6</marc:subfield>
      <marc:subfield code="w">(DE-101)01005670X</marc:subfield>
    </marc:datafield>
    <marc:datafield tag="770" ind1="0" ind2="8">
      <marc:subfield code="6">880-06/Latn</marc:subfield>
      <marc:subfield code="i">Supplement</marc:subfield>
      <marc:subfield code="a">Kokuritsu Kokkai Toshokan</marc:subfield>
      <marc:subfield code="t">Nōhon shūhō / A</marc:subfield>
      <marc:subfield code="d">Tōkyō : Kokuritsu Kokkai Toshokan, 1978-1980</marc:subfield>
      <marc:subfield code="w">(DE-600)3808-8</marc:subfield>
      <marc:subfield code="w">(DE-101)010057005</marc:subfield>
    </marc:datafield>
    <marc:datafield tag="785" ind1="0" ind2="0">
      <marc:subfield code="6">880-07/Latn</marc:subfield>
      <marc:subfield code="i">Forts.:</marc:subfield>
      <marc:subfield code="a">Kokuritsu Kokkai Toshokan</marc:subfield>
      <marc:subfield code="t">Nihon zenkoku shoshi / Shūkanban. Shūkanban</marc:subfield>
      <marc:subfield code="d">Tōkyō : Kokuritsu Kokkai Toshokan, 1981-2007</marc:subfield>
      <marc:subfield code="x">0389-4002</marc:subfield>
      <marc:subfield code="w">(DE-600)708430-4</marc:subfield>
      <marc:subfield code="w">(DE-101)013852108</marc:subfield>
    </marc:datafield>
    <marc:datafield tag="787" ind1="0" ind2="8">
      <marc:subfield code="6">880-08/Latn</marc:subfield>
      <marc:subfield code="i">In Beziehung stehendes Werk</marc:subfield>
      <marc:subfield code="a">Kokuritsu Kokkai Toshokan</marc:subfield>
      <marc:subfield code="t">Zen Nihon shuppanbutsu sōmokuroku</marc:subfield>
      <marc:subfield code="d">Tōkyō : Kokuritsu Kokkai Toshokan, 1951-1979</marc:subfield>
      <marc:subfield code="x">0385-3284</marc:subfield>
      <marc:subfield code="w">(DE-600)6596-1</marc:subfield>
      <marc:subfield code="w">(DE-101)010088970</marc:subfield>
    </marc:datafield>
    <marc:datafield tag="850" ind1=" " ind2=" ">
      <marc:subfield code="a">DE-101a</marc:subfield>
    </marc:datafield>
    <marc:datafield tag="880" ind1="3" ind2=" ">
      <marc:subfield code="6">246-02/Kana</marc:subfield>
      <marc:subfield code="a">ノウホン シュウホウ</marc:subfield>
    </marc:datafield>
    <marc:datafield tag="880" ind1="2" ind2=" ">
      <marc:subfield code="6">110-03/Jpan</marc:subfield>
      <marc:subfield code="0">(DE-588)2015822-1</marc:subfield>
      <marc:subfield code="0">https://d-nb.info/gnd/2015822-1</marc:subfield>
      <marc:subfield code="0">(DE-101)004745027</marc:subfield>
      <marc:subfield code="a">国立国会図書館</marc:subfield>
      <marc:subfield code="g">東京</marc:subfield>
      <marc:subfield code="e">Verfasser</marc:subfield>
      <marc:subfield code="4">aut</marc:subfield>
      <marc:subfield code="2">gnd</marc:subfield>
    </marc:datafield>
    <marc:datafield tag="880" ind1="3" ind2="1">
      <marc:subfield code="6">264-04/Jpan</marc:subfield>
      <marc:subfield code="a">東京</marc:subfield>
      <marc:subfield code="b">国立国会図書館</marc:subfield>
      <marc:subfield code="c">1955-1980</marc:subfield>
    </marc:datafield>
    <marc:datafield tag="880" ind1="0" ind2="8">
      <marc:subfield code="6">770-05/Jpan</marc:subfield>
      <marc:subfield code="i">Supplement</marc:subfield>
      <marc:subfield code="a">国立国会図書館 &lt;東京&gt;</marc:subfield>
      <marc:subfield code="t">納本週報 / 逐次刊行物の部</marc:subfield>
      <marc:subfield code="d">Tōkyō : Kokuritsu Kokkai Toshokan, 1957-1980</marc:subfield>
      <marc:subfield code="w">(DE-600)3791-6</marc:subfield>
      <marc:subfield code="w">(DE-101)01005670X</marc:subfield>
    </marc:datafield>
    <marc:datafield tag="880" ind1="0" ind2="8">
      <marc:subfield code="6">770-06/Jpan</marc:subfield>
      <marc:subfield code="i">Supplement</marc:subfield>
      <marc:subfield code="a">国立国会図書館 &lt;東京&gt;</marc:subfield>
      <marc:subfield code="t">納本週報 / A</marc:subfield>
      <marc:subfield code="d">Tōkyō : Kokuritsu Kokkai Toshokan, 1978-1980</marc:subfield>
      <marc:subfield code="w">(DE-600)3808-8</marc:subfield>
      <marc:subfield code="w">(DE-101)010057005</marc:subfield>
    </marc:datafield>
    <marc:datafield tag="880" ind1="0" ind2="0">
      <marc:subfield code="6">785-07/Jpan</marc:subfield>
      <marc:subfield code="i">Forts.:</marc:subfield>
      <marc:subfield code="a">国立国会図書館 &lt;東京&gt;</marc:subfield>
      <marc:subfield code="t">日本全国書誌 / 週刊版. 週刊版</marc:subfield>
      <marc:subfield code="d">Tōkyō : Kokuritsu Kokkai Toshokan, 1981-2007</marc:subfield>
      <marc:subfield code="x">0389-4002</marc:subfield>
      <marc:subfield code="w">(DE-600)708430-4</marc:subfield>
      <marc:subfield code="w">(DE-101)013852108</marc:subfield>
    </marc:datafield>
    <marc:datafield tag="880" ind1="0" ind2="8">
      <marc:subfield code="6">787-08/Jpan</marc:subfield>
      <marc:subfield code="i">In Beziehung stehendes Werk</marc:subfield>
      <marc:subfield code="a">国立国会図書館 &lt;東京&gt;</marc:subfield>
      <marc:subfield code="t">全日本出版物総目録</marc:subfield>
      <marc:subfield code="d">Tōkyō : Kokuritsu Kokkai Toshokan, 1951-1979</marc:subfield>
      <marc:subfield code="x">0385-3284</marc:subfield>
      <marc:subfield code="w">(DE-600)6596-1</marc:subfield>
      <marc:subfield code="w">(DE-101)010088970</marc:subfield>
    </marc:datafield>
    <marc:datafield tag="880" ind1="1" ind2="0">
      <marc:subfield code="6">245-01/Jpan</marc:subfield>
      <marc:subfield code="a">納本週報</marc:subfield>
      <marc:subfield code="c">国立国会図書館</marc:subfield>
    </marc:datafield>
    <marc:datafield tag="889" ind1=" " ind2=" ">
      <marc:subfield code="w">(DE-101)948369930</marc:subfield>
    </marc:datafield>
  </marc:record>
</marc:collection>
